Test de rapidité - Deux lettres - Statistiques

Statistiques générales
  • Ce quiz a été pris 59 fois
  • Le résultat moyen est 45 sur 200
Statistiques - réponses
Lettres % Correct
A
100%
Z
100%
A
90%
A
90%
Z
90%
A
80%
A
80%
A
80%
A
80%
Z
80%
Z
80%
Z
80%
Z
80%
Z
80%
A
70%
A
70%
A
70%
A
70%
A
70%
Z
70%
Z
70%
Z
70%
Z
70%
A
50%
A
50%
A
50%
A
50%
A
50%
A
50%
A
50%
A
50%
A
50%
A
50%
A
50%
A
50%
A
50%
A
50%
A
50%
A
50%
A
50%
Z
50%
Z
50%
Z
50%
Z
50%
Z
50%
Z
50%
Z
50%
Z
50%
Z
50%
Z
50%
Z
50%
Z
50%
Z
50%
Z
50%
Z
50%
Z
50%
A
40%
A
40%
A
40%
A
40%
A
40%
Z
40%
Z
40%
Z
40%
Z
40%
Z
40%
A
20%
A
20%
A
20%
A
20%
A
20%
A
20%
A
20%
A
20%
A
20%
A
20%
A
20%
A
20%
A
20%
Z
20%
Z
20%
Z
20%
Z
20%
Z
20%
Z
20%
Z
20%
Z
20%
Z
20%
Z
20%
Z
20%
Z
20%
Z
20%
Z
20%
A
10%
A
10%
A
10%
A
10%
A
10%
Z
10%
Z
10%
Z
10%
Z
10%
Z
10%
A
0%
A
0%
A
0%
A
0%
A
0%
A
0%
A
0%
A
0%
A
0%
A
0%
A
0%
A
0%
A
0%
A
0%
A
0%
A
0%
A
0%
A
0%
A
0%
A
0%
A
0%
A
0%
A
0%
A
0%
A
0%
A
0%
A
0%
A
0%
A
0%
A
0%
A
0%
A
0%
A
0%
A
0%
A
0%
A
0%
A
0%
A
0%
A
0%
A
0%
A
0%
A
0%
A
0%
A
0%
A
0%
A
0%
A
0%
A
0%
A
0%
Z
0%
Z
0%
Z
0%
Z
0%
Z
0%
Z
0%
Z
0%
Z
0%
Z
0%
Z
0%
Z
0%
Z
0%
Z
0%
Z
0%
Z
0%
Z
0%
Z
0%
Z
0%
Z
0%
Z
0%
Z
0%
Z
0%
Z
0%
Z
0%
Z
0%
Z
0%
Z
0%
Z
0%
Z
0%
Z
0%
Z
0%
Z
0%
Z
0%
Z
0%
Z
0%
Z
0%
Z
0%
Z
0%
Z
0%
Z
0%
Z
0%
Z
0%
Z
0%
Z
0%
Z
0%
Z
0%
Z
0%
Z
0%
Aucun quiz correspondant
Distribution des résultats
% des personnes avec chaque résultat
Percentile par nombre de réponses
Votre historique - résultats
Vous n’avez pas pris ce quiz